000
00327nam a2200133Ia 4500
008
240624s9999 xx 000 0 und d
041
_a
eng
082
_a
413 BIE
100
_a
BIERCE AMBROSE
245
_a
DEVIL S DICTIONARY
260
_c
1993
_a
New Delhi
_b
Dover Publications Inc.
300
_a
144 p. ; 17 cm.
365
_c
RS
999
_c
32458
_d
32458